MARC details
| 000 -LEADER |
| fixed length control field |
01482naa a22003617u 4500 |
| 001 - CONTROL NUMBER |
| control field |
04131 |
| 003 - CONTROL NUMBER IDENTIFIER |
| control field |
HDC |
| 007 - PHYSICAL DESCRIPTION FIXED FIELD--GENERAL INFORMATION |
| fixed length control field |
cr bn ---aaaaa |
| 008 - FIXED-LENGTH DATA ELEMENTS--GENERAL INFORMATION |
| fixed length control field |
210115t2003 flu 000 0 eng |
| 010 ## - LIBRARY OF CONGRESS CONTROL NUMBER |
| LC control number |
2002069361 |
| 020 ## - INTERNATIONAL STANDARD BOOK NUMBER |
| International Standard Book Number |
1566705940 (alk. paper) |
| 040 ## - CATALOGING SOURCE |
| Original cataloging agency |
HDC |
| 100 ## - MAIN ENTRY--PERSONAL NAME |
| Personal name |
Hitzhusen, Fred J. |
| Relator term |
author |
| 9 (RLIN) |
4221 |
| 245 #0 - TITLE STATEMENT |
| Title |
Food security and environmental quality in the developing world : Chapter 29: |
| Remainder of title |
Context, Concepts and Policy on Poverty and Inequality / |
| Statement of responsibility, etc. |
by Fred J. Hitzhusen ; Rattan Lal, David Hansen, Norman Uphoff, Steven Slack ; foreword by Lester R. Brown. |
| 260 ## - PUBLICATION, DISTRIBUTION, ETC. |
| Place of publication, distribution, etc. |
Boca Raton, Fla. : |
| Name of publisher, distributor, etc. |
Lewis Publishers/CRC Press, |
| Date of publication, distribution, etc. |
2003 |
| 300 ## - PHYSICAL DESCRIPTION |
| Extent |
11 pages : |
| Other physical details |
illustrations, maps |
| 336 ## - CONTENT TYPE |
| Content type term |
text |
| Source |
rdacontent |
| 337 ## - MEDIA TYPE |
| Media type term |
computer |
| Source |
rdamedia |
| 338 ## - CARRIER TYPE |
| Carrier type term |
online resource |
| Source |
rdacarrier |
| 500 ## - GENERAL NOTE |
| General note |
Original from book |
| 504 ## - BIBLIOGRAPHY, ETC. NOTE |
| Bibliography, etc. note |
Includes bibliographical references and index. |
| 650 ## - SUBJECT ADDED ENTRY--TOPICAL TERM |
| Topical term or geographic name entry element |
Agriculture |
| General subdivision |
Environmental aspects |
| Geographic subdivision |
Developing countries. |
| 9 (RLIN) |
4157 |
| 650 ## - SUBJECT ADDED ENTRY--TOPICAL TERM |
| Topical term or geographic name entry element |
Food security |
| 9 (RLIN) |
4086 |
| 650 ## - SUBJECT ADDED ENTRY--TOPICAL TERM |
| Topical term or geographic name entry element |
Food supply |
| Geographic subdivision |
Developing countries. |
| 9 (RLIN) |
4156 |
| 700 ## - ADDED ENTRY--PERSONAL NAME |
| Personal name |
Hansen, David |
| Relator term |
author |
| 9 (RLIN) |
4181 |
| 700 ## - ADDED ENTRY--PERSONAL NAME |
| Personal name |
Lal, R. |
| 9 (RLIN) |
3407 |
| Relator term |
author |
| 700 ## - ADDED ENTRY--PERSONAL NAME |
| Personal name |
Slack,Steven |
| Relator term |
author |
| 9 (RLIN) |
4182 |
| 700 ## - ADDED ENTRY--PERSONAL NAME |
| Personal name |
Uphoff,Norman |
| Relator term |
author |
| 9 (RLIN) |
3487 |
| 856 ## - ELECTRONIC LOCATION AND ACCESS |
| Public note |
Request full-text at [email protected] |
| 942 ## - ADDED ENTRY ELEMENTS (KOHA) |
| Source of classification or shelving scheme |
Library of Congress Classification |
| 942 ## - ADDED ENTRY ELEMENTS (KOHA) |
| Koha item type |
Chapter in Books |
| 942 ## - ADDED ENTRY ELEMENTS (KOHA) |
| Call number prefix |
EBCH 003380 |